000 01403nam a2200229Ia 4500
003 Ost
005 20260507075428.0
008 260507s9999||||xx |||||||||||||| ||und||
020 _a9957322729
040 _cfsecg
041 _aara
082 _a657.7
100 _aالتكريتي، اسماعيل يحيى
_eمؤلف
245 0 _aالمحاسبة الادارية :
_bقضايا معاصرة /
_c اسماعيل يحيى التكريتي
260 _aعمان:
_bدار الحامد,
_c2007
300 _a422 صفحة؛
_bإيضاحات ؛
_c24 سم
504 _aببليوغرافيا: ص.421-422 (اقتناءات 2014 2ن)
520 _aالمدخل والمفهوم للمحاسبة الادارية ،مفاهيم التكلفة وتصنيفاتها ،تحليل العلاقة بين التكلفة والحجم والربح ،القرارات الادارية قصيرة الأجل ،استخدام التكاليف في قرارت التسعير ،اعداد الموازنات الرأسمالية ،الموازنات التخطيطية ،الرقابة الادارية وتقارير الأداء ،التعريف بمحاسبة التكاليف المعيارية ،تسجيل العمليات المالية في ظل اسلوب الكلفة المعيارية
653 _aالمحاسبة الإدارية
653 _aمحاسبة التكاليف
942 _cكتاب
999 _c44495
_d44495